00317nam a2200133Ia 4500008004000000041000800040082001100048100001900059245002400078260004500102300000800147650001400155650001400169210210b1909 xxu||||| |||| 00| 0 eng d aeng a543/97 aJAGO (William) aInorganic chemistry aNew YorkbLongman Green & Co Ltd.,c1909 a476 aInorganic achemistry